<?xml version="1.0" encoding="UTF-8"?>
<record
    xmlns:xsi="http://www.w3.org/2001/XMLSchema-instance"
    xsi:schemaLocation="http://www.loc.gov/MARC21/slim http://www.loc.gov/standards/marcxml/schema/MARC21slim.xsd"
    xmlns="http://www.loc.gov/MARC21/slim">

  <leader>02392nam a22003014aa4500</leader>
  <controlfield tag="003">BOFEUTO</controlfield>
  <controlfield tag="005">20240502101447.0</controlfield>
  <controlfield tag="008">240426t2023    bo     gr     001 f spa d</controlfield>
  <datafield tag="040" ind1=" " ind2=" ">
    <subfield code="6">BOFEUTO</subfield>
    <subfield code="a">BOFEUTO</subfield>
    <subfield code="c">BOFEUTO</subfield>
  </datafield>
  <datafield tag="041" ind1=" " ind2=" ">
    <subfield code="a">spa</subfield>
  </datafield>
  <datafield tag="044" ind1=" " ind2=" ">
    <subfield code="a">bo</subfield>
  </datafield>
  <datafield tag="082" ind1=" " ind2=" ">
    <subfield code="a">TE5440</subfield>
    <subfield code="b">C141e</subfield>
  </datafield>
  <datafield tag="100" ind1=" " ind2=" ">
    <subfield code="a">Calle Quispe, Bryan Joel</subfield>
    <subfield code="e">autor</subfield>
  </datafield>
  <datafield tag="245" ind1=" " ind2=" ">
    <subfield code="a">El customer relationship management (CRM) para mejorar la gesti&#xF3;n de relaci&#xF3;n de clientes de los productores de la Fundaci&#xF3;n Agrecol Andes de la ciudad de Cochabamba en la gesti&#xF3;n 2023 /</subfield>
    <subfield code="c">Bryan Joel Calle Quispe</subfield>
  </datafield>
  <datafield tag="260" ind1=" " ind2=" ">
    <subfield code="a">Oruro :</subfield>
    <subfield code="b">s/n,</subfield>
    <subfield code="c">2023.</subfield>
  </datafield>
  <datafield tag="300" ind1=" " ind2=" ">
    <subfield code="a">108 hojas :</subfield>
    <subfield code="b">tabl., fig. ;</subfield>
    <subfield code="c">28.5 cm.</subfield>
  </datafield>
  <datafield tag="500" ind1=" " ind2=" ">
    <subfield code="a">Incluye bibliograf&#xED;a, anexos.</subfield>
  </datafield>
  <datafield tag="502" ind1=" " ind2=" ">
    <subfield code="a">Proyecto de grado Doble Titulaci&#xF3;n V -- (Licenciatura) Universidad T&#xE9;cnica de Oruro, Facultad de Ciencias Econ&#xF3;micas Financieras y Administrativas, Carrera Administraci&#xF3;n de Empresas, 2023.</subfield>
  </datafield>
  <datafield tag="520" ind1=" " ind2=" ">
    <subfield code="a">El trabajo de investigaci&#xF3;n se centra en poder mejorar la gesti&#xF3;n de relaci&#xF3;n de los clientes entre los productores que son beneficiados por la fundaci&#xF3;n Agrecol Andes y los clientes que adquieren los productos tanto en la tienda ecol&#xF3;gica, feria m&#xF3;vil, la feria sabatina y otros eventos donde se promocionan y comercializan los productos naturales y ecol&#xF3;gicos de los productores, por lo que la implementaci&#xF3;n del CRM pretende resolver la problem&#xE1;tica actual que se cuenta por no la falta de un sistema para poder establecer un mejor canal de comunicaci&#xF3;n con los clientes actuales y potenciales de la tienda ecol&#xF3;gica y los productores.
El objeto del trabajo de investigaci&#xF3;n es poder implementar un sistema que permita sistematizar la informaci&#xF3;n de los clientes, en la actualidad se tiene bases de datos en programas como el Excel, registros de ventas y otros documentos, lo que no permite sistematizar la informaci&#xF3;n para poder mejorar o aprovechar las oportunidades que se presentan mediante el contacto con los clientes que se realizan tanto en la tienda ecol&#xF3;gica, feria m&#xF3;vil y ferias sabatinas donde se cuenta con la visita de los clientes para la promoci&#xF3;n y comercializaci&#xF3;n d los productos</subfield>
  </datafield>
  <datafield tag="650" ind1=" " ind2=" ">
    <subfield code="a">Administraci&#xF3;n</subfield>
  </datafield>
  <datafield tag="653" ind1=" " ind2=" ">
    <subfield code="a">Marketing</subfield>
  </datafield>
  <datafield tag="653" ind1=" " ind2=" ">
    <subfield code="a">Clientes</subfield>
  </datafield>
  <datafield tag="653" ind1=" " ind2=" ">
    <subfield code="a">Productos naturales</subfield>
  </datafield>
  <datafield tag="653" ind1=" " ind2=" ">
    <subfield code="a">Productos ecol&#xF3;gicos</subfield>
  </datafield>
  <datafield tag="653" ind1=" " ind2=" ">
    <subfield code="a">Ventas</subfield>
  </datafield>
  <datafield tag="700" ind1=" " ind2=" ">
    <subfield code="a">Portanda Vargas, Jorge David</subfield>
    <subfield code="e">tutor</subfield>
  </datafield>
  <datafield tag="942" ind1=" " ind2=" ">
    <subfield code="2">ddc</subfield>
    <subfield code="c">TE</subfield>
    <subfield code="n">0</subfield>
  </datafield>
  <datafield tag="999" ind1=" " ind2=" ">
    <subfield code="c">15119</subfield>
    <subfield code="d">15119</subfield>
  </datafield>
  <datafield tag="952" ind1=" " ind2=" ">
    <subfield code="0">0</subfield>
    <subfield code="1">0</subfield>
    <subfield code="2">ddc</subfield>
    <subfield code="4">0</subfield>
    <subfield code="7">0</subfield>
    <subfield code="a">UTO</subfield>
    <subfield code="b">UTO</subfield>
    <subfield code="c">4</subfield>
    <subfield code="d">2024-04-26</subfield>
    <subfield code="i">5440</subfield>
    <subfield code="l">4</subfield>
    <subfield code="o">TE5440/C141e</subfield>
    <subfield code="p">TE5440</subfield>
    <subfield code="r">2025-06-12 08:54:42</subfield>
    <subfield code="s">2025-06-12</subfield>
    <subfield code="t">Ej. 1</subfield>
    <subfield code="w">2024-05-02</subfield>
    <subfield code="y">TE</subfield>
  </datafield>
</record>
